000 00824nam a22002657a 4500
999 _c135263
_d135263
001 B-120061
003 dpl
005 20200111144522.0
008 180607b xxu||||| |||| 00| 0 eng d
010 _aB-120046
020 _c00.00
_a8173871582
035 _aB-120046, B-120075, B-120053,B-120080 B-120081 , B-120056, B-120077
035 _aB-120061
037 _bCen Lib/Ret
040 _aDPL
_bEN
_c0
082 _a615.535
_bJAC
100 _aJacka, Judy
_995726
245 _aA-Z of natural therapies :
_cby Jacka Judy
_bpractical compenduim /
260 _aNew Delhi
_bIndus Publishing Company
_c1998
270 _bNew Delhi
_aFS-5, Tagore Garden
_e110027
300 _aix,350p.
_c20cm(Hb)
500 _aIncludes index
650 _aNaturopathy.
_995727
942 _2ddc
_cEN
_h615.535
_mJAC